[Event "AUT-chT2O 1920"]
[Site "Austria"]
[Date "2020.01.19"]
[Round "7.3"]
[White "Frindt, Kornel"]
[Black "Kummer, Helmut"]
[Result "1/2-1/2"]
[WhiteElo "2196"]
[BlackElo "2286"]
[PlyCount "122"]
[EventDate "2019.10.19"]
[EventType "team-tourn"]
[EventRounds "11"]
[EventCountry "AUT"]
[SourceTitle "CBM 195 Extra"]
[Source "ChessBase"]
[SourceDate "2020.05.31"]
[SourceVersion "1"]
[SourceVersionDate "2020.05.31"]
[SourceQuality "1"]
[WhiteTeam "Wiener Amateur CC"]
[BlackTeam "Donaustadt"]
[WhiteTeamCountry "AUT"]
[BlackTeamCountry "AUT"]

1. e4 g6 2. d4 Bg7 3. c4 d6 4. Nc3 Nf6 5. Be2 0-0 6. Nf3 e5 7. 0-0 Nc6 8. d5 Ne7 9. b4 Nh5 10. Re1 h6 11. c5 Nf4 12. Bc4 Kh7 13. Bxf4 exf4 14. Rc1 Bg4 15. Ng5+ hxg5 16. Qxg4 Ng8 17. c6 Nh6 18. Qd1 b6 19. Ba6 Qe7 20. h3 Be5 21. Nb5 Kg7 22. Bb7 Rae8 23. Nxa7 Rh8 24. f3 f5 25. Nb5 g4 26. hxg4 fxg4 27. Kf1 gxf3 28. gxf3 Nf7 29. Rc2 Rh3 30. Rg2 Reh8 31. Ke2 Rh2 32. Reg1 Bf6 33. Kf1 Rxg2 34. Kxg2 Be5 35. Kf1 Rh2 36. Nd4 Bxd4 37. Qxd4+ Ne5 38. Rg2 Rh3 39. Rf2 Rh1+ 40. Ke2 Qg5 41. Rf1 Qg3 42. Rxh1 Qxf3+ 43. Kd2 Qxh1 44. Ba6 Qg2+ 45. Ke1 Qxa2 46. Be2 Kf7 47. Qc3 Qb1+ 48. Kf2 Qxe4 49. Qh3 Kg7 50. Qe6 Qf5 51. Qe7+ Qf7 52. Qd8 f3 53. Bf1 Ng4+ 54. Kg3 Ne3 55. Kf2 Nf5 56. Bh3 Qe7 57. Qd7 Kf6 58. Bxf5 gxf5 59. Kxf3 Qxd7 60. cxd7 Ke7 61. b5 Kxd7 1/2-1/2

[Event "AUT-chT2O 1920"]
[Site "Austria"]
[Date "2020.01.18"]
[Round "6.3"]
[White "Sadilek, Peter"]
[Black "Frindt, Kornel"]
[Result "1-0"]
[WhiteElo "2280"]
[BlackElo "2196"]
[PlyCount "51"]
[EventDate "2019.10.19"]
[EventType "team-tourn"]
[EventRounds "11"]
[EventCountry "AUT"]
[SourceTitle "CBM 194 Extra"]
[Source "ChessBase"]
[SourceDate "2020.03.31"]
[SourceVersion "1"]
[SourceVersionDate "2020.03.31"]
[SourceQuality "1"]
[WhiteTeam "Tschaturanga"]
[BlackTeam "Wiener Amateur CC"]
[WhiteTeamCountry "AUT"]
[BlackTeamCountry "AUT"]

1. e4 c5 2. Nf3 Nc6 3. Nc3 e5 4. Bc4 d6 5. d3 Be7 6. Nd2 Nf6 7. Nf1 a6 8. Nd5 b5 9. Nxf6+ Bxf6 10. Bd5 Bd7 11. Ne3 Rc8 12. a4 Ne7 13. axb5 Nxd5 14. Nxd5 axb5 15. Bd2 b4 16. Ra6 Bc6 17. Qg4 0-0 18. Rxc6 Rxc6 19. h4 Kh8 20. Bg5 Bxg5 21. hxg5 Ra6 22. Ke2 Ra2 23. Qf5 g6 24. Rxh7+ Kxh7 25. Qh3+ Kg7 26. Qh6+ 1-0

[Event "SVK-chT 1920"]
[Site "Slovakia"]
[Date "2019.10.20"]
[Round "2.4"]
[White "Frindt, Kornel"]
[Black "Czebe, Attila"]
[Result "0-1"]
[WhiteElo "2196"]
[BlackElo "2358"]
[PlyCount "114"]
[EventDate "2019.10.19"]
[EventType "team-tourn"]
[EventRounds "11"]
[EventCountry "SVK"]
[SourceTitle "CBM 192 Extra"]
[Source "Chessbase"]
[SourceDate "2019.11.06"]
[SourceVersion "1"]
[SourceVersionDate "2019.11.06"]
[SourceQuality "1"]
[WhiteTeam "Kosice Slavia UPJS"]
[BlackTeam "Dunajska Streda"]
[WhiteTeamCountry "SVK"]
[BlackTeamCountry "SVK"]

1. d4 d6 2. Nf3 g6 3. c4 Bg7 4. Nc3 e5 5. dxe5 dxe5 6. Qxd8+ Kxd8 7. e4 f6 8. Be3 Be6 9. 0-0-0+ Nd7 10. Be2 Bh6 11. Bxh6 Nxh6 12. Ne1 c6 13. b3 Kc7 14. Nd3 Rhe8 15. Rd2 Rad8 16. Rhd1 Nf8 17. Nc5 Rxd2 18. Rxd2 Bc8 19. b4 Ne6 20. Nxe6+ Bxe6 21. c5 Nf7 22. Kb2 Rb8 23. a3 b6 24. Na4 Ng5 25. f3 Bd7 26. cxb6+ axb6 27. Bc4 Be6 28. Be2 Nf7 29. b5 c5 30. Nc3 Nd6 31. Nd5+ Bxd5 32. Rxd5 Ra8 33. Kb3 Nb7 34. a4 Nd8 35. Bd1 Ne6 36. Rd2 Nd4+ 37. Kc4 f5 38. Ra2 Kd6 39. Ra1 Kc7 40. Rb1 Rd8 41. Kc3 fxe4 42. fxe4 Rf8 43. Rb2 Rf1 44. Rd2 Re1 45. Kd3 Kd6 46. h4 h6 47. h5 gxh5 48. Bxh5 Ra1 49. Bd1 Rc1 50. Bg4 c4+ 51. Ke3 Kc5 52. Ra2 c3 53. a5 c2 54. Kd2 Rg1 55. Rxc2+ Nxc2 56. a6 Rxg2+ 57. Be2 Nd4 0-1

[Event "AUT-chT2O 1819"]
[Site "Austria"]
[Date "2019.03.31"]
[Round "11.1"]
[White "Vitouch, Anatol"]
[Black "Frindt, Kornel"]
[Result "1-0"]
[WhiteElo "2319"]
[BlackElo "2217"]
[PlyCount "173"]
[EventDate "2018.10.06"]
[EventType "team-tourn"]
[EventRounds "11"]
[EventCountry "AUT"]
[SourceTitle "CBM 189 Extra"]
[Source "ChessBase"]
[SourceDate "2019.06.03"]
[SourceVersion "1"]
[SourceVersionDate "2019.06.03"]
[SourceQuality "1"]
[WhiteTeam "Pamhagen"]
[BlackTeam "Wiener Amateur CC "]
[WhiteTeamCountry "AUT"]
[BlackTeamCountry "AUT"]

1. d4 Nf6 2. Bg5 d5 3. Bxf6 exf6 4. e3 c6 5. Ne2 Bd6 6. g3 Nd7 7. Bg2 Nf8 8. Nd2 Ne6 9. c4 dxc4 10. Nxc4 Bb4+ 11. Nc3 h5 12. h4 Nc7 13. a3 Be7 14. b4 Nd5 15. Nxd5 cxd5 16. Na5 Rb8 17. Rc1 Be6 18. Qa4+ Bd7 19. Qc2 Be6 20. Qc7 Bd6 21. Qxd8+ Kxd8 22. Kd2 f5 23. Rc3 Kd7 24. Rhc1 f6 25. Bf3 g6 26. Rh1 Rhd8 27. Ra1 Rh8 28. Nb3 b6 29. Nc1 Rbc8 30. Rxc8 Rxc8 31. Ne2 Bb8 32. Nc3 Kd6 33. Rc1 Rc6 34. Be2 Ke7 35. Bb5 Rc7 36. Ba6 Kd8 37. Be2 Rd7 38. Bb5 Rc7 39. Ba4 Ke7 40. Bb3 Rd7 41. Ne2 Rd8 42. b5 Bf7 43. a4 Bd6 44. Kd3 Rd7 45. Ra1 Bc7 46. Nc3 Bd8 47. Na2 Rc7 48. Nb4 Kd6 49. Kd2 Be7 50. a5 Kd7 51. Nc6 Rb7 52. axb6 axb6 53. Ra8 Ke6 54. f3 g5 55. e4 fxe4 56. fxe4 Kd6 57. Nb4 Kd7 58. Nxd5 Bxd5 59. Bxd5 Rc7 60. Bc6+ Ke6 61. Rh8 gxh4 62. gxh4 Ra7 63. Bd5+ Kd7 64. Rxh5 Ra4 65. Ke3 Ra3+ 66. Kf4 Rd3 67. Bc6+ Kd6 68. Rd5+ Ke6 69. Bd7+ Kf7 70. h5 Bb4 71. Bg4 Bc3 72. Rd7+ Kg8 73. d5 Be5+ 74. Kf5 Rg3 75. h6 Rg1 76. Rb7 Rf1+ 77. Ke6 Rh1 78. h7+ Kh8 79. Bf5 Ra1 80. Rxb6 Ra8 81. d6 Bd4 82. Rc6 Re8+ 83. Kd5 Be3 84. Rc8 Rxc8 85. Bxc8 Kxh7 86. Kc6 Bg5 87. Bf5+ 1-0

[Event "AUT-chT2O 1819"]
[Site "Austria"]
[Date "2019.03.10"]
[Round "9.2"]
[White "Frindt, Kornel"]
[Black "Pacher, Milan"]
[Result "0-1"]
[WhiteElo "2217"]
[BlackElo "2457"]
[PlyCount "58"]
[EventDate "2018.10.06"]
[EventType "team-tourn"]
[EventRounds "11"]
[EventCountry "AUT"]
[SourceTitle "CBM 189 Extra"]
[Source "ChessBase"]
[SourceDate "2019.06.03"]
[SourceVersion "1"]
[SourceVersionDate "2019.06.03"]
[SourceQuality "1"]
[WhiteTeam "Wiener Amateur CC "]
[BlackTeam "Austria"]
[WhiteTeamCountry "AUT"]
[BlackTeamCountry "AUT"]

1. c4 e5 2. g3 Nc6 3. Bg2 Bc5 4. Nc3 a6 5. Nf3 d6 6. a3 Nf6 7. d3 h6 8. 0-0 0-0 9. Nd2 Ba7 10. Nd5 Nxd5 11. cxd5 Ne7 12. Nc4 f5 13. Be3 f4 14. Bxa7 Rxa7 15. d4 b5 16. Nd2 Bb7 17. a4 bxa4 18. Nc4 e4 19. Bxe4 Bxd5 20. Bxd5+ Nxd5 21. Rxa4 Qg5 22. Ra5 Rb7 23. Rxa6 fxg3 24. hxg3 Nf4 25. Ra5 Qg4 26. Ne3 Nxe2+ 27. Kg2 Qf3+ 28. Kh2 Rxb2 29. Ng2 Nxg3 0-1

[Event "AUT-chT2O 1819"]
[Site "Austria"]
[Date "2018.11.03"]
[Round "3.5"]
[White "Bauer, Thomas"]
[Black "Frindt, Kornel"]
[Result "1-0"]
[WhiteElo "2244"]
[BlackElo "2217"]
[PlyCount "73"]
[EventDate "2018.10.06"]
[EventType "team-tourn"]
[EventRounds "11"]
[EventCountry "AUT"]
[SourceTitle "CBM 187 Extra"]
[Source "ChessBase"]
[SourceDate "2018.11.04"]
[SourceVersion "1"]
[SourceVersionDate "2018.11.04"]
[SourceQuality "1"]
[WhiteTeam "Wien Ottakring"]
[BlackTeam "Wiener Amateur CC "]
[WhiteTeamCountry "AUT"]
[BlackTeamCountry "AUT"]

1. c4 Nf6 2. Nc3 g6 3. d4 Bg7 4. e4 d6 5. Be2 0-0 6. Be3 e5 7. d5 a5 8. g4 Nfd7 9. h4 f5 10. exf5 gxf5 11. gxf5 Nf6 12. Nf3 Bxf5 13. Rg1 Kh8 14. Qd2 Ng4 15. Bg5 Qe8 16. Rg2 h6 17. Nh2 hxg5 18. Nxg4 gxh4 19. Qg5 Qg6 20. Qxh4+ Qh7 21. Qg3 Kg8 22. Ne3 Nd7 23. 0-0-0 Rf7 24. Rdg1 Kf8 25. Rh2 Bh6 26. Rxh6 Qxh6 27. Qg8+ Ke7 28. Qxa8 Bh7 29. Qh8 Nf8 30. Ne4 Qh2 31. Rg2 Qf4 32. Ng5 Be4 33. Nxf7 Bxg2 34. Qg7 Qxf2 35. Nf5+ Ke8 36. N7xd6+ cxd6 37. Qe7# 1-0

[Event "SVK-chT 1617"]
[Site "Slovakia"]
[Date "2017.03.24"]
[Round "9.1"]
[White "Pcola, Jaroslav1111"]
[Black "Frindt, Kornel"]
[Result "0-1"]
[WhiteElo "2046"]
[BlackElo "2192"]
[PlyCount "102"]
[EventDate "2016.10.22"]
[EventType "team-tourn"]
[EventRounds "11"]
[EventCountry "SVK"]
[SourceTitle "CBM 177 Extra"]
[Source "ChessBase"]
[SourceDate "2017.04.27"]
[SourceVersion "1"]
[SourceVersionDate "2017.04.27"]
[SourceQuality "1"]
[WhiteTeam "Humenne Reinter"]
[BlackTeam "Kosice Slavia UPJS"]
[WhiteTeamCountry "SVK"]
[BlackTeamCountry "SVK"]

1. e4 c5 2. Nf3 Nc6 3. Nc3 d6 4. d4 cxd4 5. Nxd4 e5 6. Nf3 h6 7. Bc4 Nf6 8. h3 Be7 9. 0-0 0-0 10. Re1 Na5 11. Bf1 b6 12. b3 a6 13. Bb2 Qc7 14. Rc1 Nb7 15. Bc4 Nc5 16. Nd5 Nxd5 17. Bxd5 Bb7 18. Ba3 Rfd8 19. c4 Ne6 20. g3 Bc6 21. Kg2 Qb7 22. h4 Bf8 23. Bb2 Rac8 24. Qe2 Bxd5 25. cxd5 Nc5 26. Red1 b5 27. Ba3 b4 28. Bb2 a5 29. Ne1 a4 30. bxa4 Nxa4 31. Nd3 Qb5 32. Qd2 Rc4 33. Rxc4 Qxc4 34. Nxb4 Rb8 35. a3 Nxb2 36. Qxb2 Qxe4+ 37. Kg1 f5 38. Qc3 Qg4 39. Re1 f4 40. Re4 Be7 41. Kg2 Bxh4 42. Qf3 Qg6 43. Kh3 Bg5 44. g4 Kf7 45. Nc6 Rb3 46. Rxf4+ Bxf4 47. Qxb3 Qe4 48. Qd1 Qc4 49. Nd8+ Kf6 50. a4 e4 51. Ne6 Qd3+ 0-1

[Event "SVK-chT 1617"]
[Site "Slovakia"]
[Date "2017.02.18"]
[Round "7.4"]
[White "Kolesar, Milan"]
[Black "Frindt, Kornel"]
[Result "1-0"]
[WhiteElo "2198"]
[BlackElo "2192"]
[PlyCount "131"]
[EventDate "2016.10.22"]
[EventType "team-tourn"]
[EventRounds "11"]
[EventCountry "SVK"]
[SourceTitle "CBM 177 Extra"]
[Source "ChessBase"]
[SourceDate "2017.04.27"]
[SourceVersion "1"]
[SourceVersionDate "2017.04.27"]
[SourceQuality "1"]
[WhiteTeam "Devinska Nova Ves"]
[BlackTeam "Kosice Slavia UPJS"]
[WhiteTeamCountry "SVK"]
[BlackTeamCountry "SVK"]

1. Nf3 Nf6 2. c4 c5 3. Nc3 Nc6 4. d4 cxd4 5. Nxd4 e5 6. Nc2 d6 7. g3 h5 8. h3 Be6 9. Ne3 Nd4 10. Bg2 Qd7 11. b3 Be7 12. Bb2 0-0 13. Qd3 Rab8 14. Ncd5 Nxd5 15. Nxd5 Bd8 16. Bxd4 Bxd5 17. Bxd5 exd4 18. Rd1 Bf6 19. Kf1 b5 20. Qf3 bxc4 21. Bxc4 Qb7 22. Bd5 Qa6 23. a4 h4 24. gxh4 Rbe8 25. Rg1 Re5 26. Bc4 Qc8 27. h5 Qf5 28. Qxf5 Rxf5 29. h6 d5 30. hxg7 Rb8 31. Bb5 Rh5 32. Rd3 Rc8 33. Rf3 Bxg7 34. Rg4 Rc3 35. Rfg3 Rxg3 36. Rxg3 Re5 37. Kg2 Kf8 38. Rg4 Re6 39. Rg5 Rd6 40. Bd3 Bh6 41. Rh5 Bd2 42. Re5 Bf4 43. Rf5 Bd2 44. Bb5 a6 45. Bd3 Ke7 46. Rh5 Be1 47. f4 a5 48. Re5+ Kf8 49. Kf3 Bh4 50. Kg4 Bf6 51. Rf5 Kg7 52. h4 Kf8 53. h5 Kg7 54. Bb5 Be7 55. Be8 f6 56. h6+ Kxh6 57. Bf7 Kg7 58. Bxd5 Rd8 59. Bc4 Bb4 60. Rb5 Rd7 61. Rb8 Rc7 62. Rg8+ Kh7 63. Rd8 Bc3 64. Kf5 Re7 65. Kxf6 Rxe2 66. Bd3+ 1-0

[Event "SVK-chT 1415"]
[Site "Slovakia"]
[Date "2015.03.21"]
[Round "10.1"]
[White "Frindt, Kornel"]
[Black "Veres, Andrej"]
[Result "1/2-1/2"]
[WhiteElo "2176"]
[BlackElo "2179"]
[PlyCount "111"]
[EventDate "2014.10.25"]
[EventType "team-tourn"]
[EventRounds "11"]
[EventCountry "SVK"]
[SourceTitle "EXT 2016"]
[Source "ChessBase"]
[SourceDate "2015.10.08"]
[SourceVersion "1"]
[SourceVersionDate "2015.10.08"]
[SourceQuality "1"]
[WhiteTeam "Kosice Slavia"]
[BlackTeam "Dubnica nad Vahom"]
[WhiteTeamCountry "SVK"]
[BlackTeamCountry "SVK"]

1. e4 c5 2. Nf3 Nc6 3. Bb5 g6 4. Bxc6 bxc6 5. d3 Bg7 6. 0-0 d6 7. h3 Rb8 8. Nbd2 e5 9. Nc4 Ne7 10. Nh2 Be6 11. b3 f5 12. Bd2 0-0 13. Bc3 f4 14. a3 d5 15. Nb2 Nc8 16. Na4 Qe7 17. Nf3 d4 18. Bd2 Nb6 19. Nb2 h6 20. a4 g5 21. Nh2 Qf7 22. a5 Nd7 23. g4 h5 24. f3 Bf6 25. Qe2 Kg7 26. Qg2 Rh8 27. Kf2 h4 28. Kg1 Rb7 29. Qe2 Rhb8 30. Rfc1 Bd8 31. Nf1 Bc7 32. Be1 Rb5 33. Ra4 Qf8 34. Rca1 Qd8 35. Bd2 a6 36. Qe1 Nf6 37. Nc4 Bxc4 38. Rxc4 Qd6 39. Rca4 Nh7 40. Bc1 Qd8 41. Bd2 Qd6 42. Qc1 Nf8 43. Be1 Qd8 44. Qa3 Ne6 45. Nd2 Kf6 46. Nc4 Qf8 47. Qc1 Qd8 48. R4a2 Ng7 49. Qa3 Ne8 50. Qa4 Qd7 51. Bd2 Nd6 52. Nb2 Rb4 53. Qa3 Nb5 54. Bxb4 Nxa3 55. Bxa3 Rb4 56. Bxb4 1/2-1/2

[Event "SVK-chT 1314"]
[Site "Slovakia"]
[Date "2014.01.25"]
[Round "5.5"]
[White "Petrik, Stanislav"]
[Black "Frindt, Kornel"]
[Result "1-0"]
[WhiteElo "2175"]
[BlackElo "2169"]
[PlyCount "69"]
[EventDate "2013.11.09"]
[EventType "team-tourn"]
[EventRounds "11"]
[EventCountry "SVK"]
[SourceTitle "EXT 2015"]
[Source "ChessBase"]
[SourceDate "2014.11.20"]
[SourceVersion "1"]
[SourceVersionDate "2014.11.20"]
[SourceQuality "1"]
[WhiteTeam "Bratislava Doprastav"]
[BlackTeam "Kosice Slavia UPJS"]
[WhiteTeamCountry "SVK"]
[BlackTeamCountry "SVK"]

1. e4 c5 2. Nf3 Nc6 3. Bb5 g6 4. c3 Bg7 5. 0-0 Nf6 6. e5 Nd5 7. d4 cxd4 8. cxd4 0-0 9. Nc3 Nxc3 10. bxc3 d6 11. exd6 Qxd6 12. a4 Bg4 13. h3 Bf5 14. Re1 Bf6 15. Ba3 Qc7 16. Qb3 h5 17. Qc4 Rac8 18. d5 a6 19. dxc6 axb5 20. axb5 bxc6 21. b6 Qxb6 22. Bxe7 Bxe7 23. Rxe7 c5 24. Raa7 Be6 25. Qf4 Ra8 26. Rab7 Ra1+ 27. Kh2 Qa6 28. Ng5 Bd5 29. Nxf7 Rh1+ 30. Kg3 Rxf7 31. Rxf7 Qd3+ 32. f3 h4+ 33. Kxh4 Rxh3+ 34. gxh3 Bxb7 35. Rf8+ 1-0

[Event "Tatry op"]
[Site "Tatranske Zruby"]
[Date "2013.10.01"]
[Round "4"]
[White "Frindt, Kornel"]
[Black "Motuz, Karol"]
[Result "0-1"]
[WhiteElo "2164"]
[BlackElo "2305"]
[PlyCount "138"]
[EventDate "2013.09.29"]
[EventType "swiss"]
[EventRounds "9"]
[EventCountry "SVK"]
[SourceTitle "CBM 156 Extra"]
[Source "ChessBase"]
[SourceDate "2013.10.22"]
[SourceVersion "1"]
[SourceVersionDate "2013.10.22"]
[SourceQuality "1"]

1. e4 c5 2. Nf3 d6 3. g3 Nf6 4. Nc3 g6 5. Bg2 Bg7 6. 0-0 Nc6 7. d4 cxd4 8. Nxd4 Bd7 9. Nxc6 bxc6 10. Bg5 h6 11. Bf4 Qa5 12. Bd2 Qh5 13. Qxh5 Nxh5 14. Nd1 Rb8 15. Rb1 0-0 16. Bc3 Rfd8 17. Bxg7 Nxg7 18. Ne3 Ne6 19. Rfd1 Kf8 20. Rd2 Nc5 21. b3 a5 22. a3 Ne6 23. Nc4 a4 24. b4 c5 25. c3 Nc7 26. Rdb2 cxb4 27. Rxb4 Rxb4 28. cxb4 Nb5 29. Ra1 Be8 30. Nb6 Nc3 31. Nd5 Rc8 32. Kf1 Nxd5 33. exd5 Bb5+ 34. Ke1 Rc2 35. Bf3 Kg7 36. Bd1 Rc3 37. Be2 Bxe2 38. Kxe2 Rb3 39. Ra2 Kf6 40. f4 Kf5 41. Kd1 Ke4 42. Re2+ Kd3 43. Rd2+ Kc4 44. Re2 Rxa3 45. Rxe7 Ra1+ 46. Kd2 Ra2+ 47. Ke3 Rxh2 48. Rc7+ Kxb4 49. Rc6 Ra2 50. Rxd6 Kc5 51. Rd8 a3 52. d6 Ra1 53. d7 Kd6 54. Kf3 Ke7 55. Rf8 Kxd7 56. Rxf7+ Kc6 57. Ra7 h5 58. Ra6+ Kb5 59. Ra8 Kb4 60. Rb8+ Kc3 61. Rc8+ Kb2 62. Rb8+ Ka2 63. Rb6 Rb1 64. Rxg6 Rb3+ 65. Ke4 Kb2 66. f5 a2 67. Ra6 Ra3 68. Rb6+ Kc2 69. Rc6+ Kd2 0-1

[Event "SVK-chT2A 1213"]
[Site "Slovakia"]
[Date "2013.02.17"]
[Round "9.3"]
[White "Frindt, Kornel"]
[Black "Oprea, Erik"]
[Result "0-1"]
[WhiteElo "2189"]
[BlackElo "2125"]
[PlyCount "143"]
[EventDate "2012.10.13"]
[EventType "team-tourn"]
[EventRounds "11"]
[EventCountry "SVK"]
[SourceTitle "EXT 2015"]
[Source "ChessBase"]
[SourceDate "2014.11.20"]
[SourceVersion "1"]
[SourceVersionDate "2014.11.20"]
[SourceQuality "1"]
[WhiteTeam "Bratislava Doprastav III"]
[BlackTeam "Devinska Nova Ves"]
[WhiteTeamCountry "SVK"]
[BlackTeamCountry "SVK"]

1. e4 d5 2. exd5 Nf6 3. c4 c6 4. Nc3 cxd5 5. d4 Nc6 6. Nf3 Bg4 7. Be2 e6 8. h3 Bh5 9. cxd5 Nxd5 10. 0-0 Be7 11. Qb3 0-0 12. Nxd5 exd5 13. Qxb7 Qd6 14. Qa6 Bxf3 15. Bxf3 Nxd4 16. Qxd6 Nxf3+ 17. gxf3 Bxd6 18. Rd1 Rfd8 19. Be3 Be5 20. Bd4 Bxd4 21. Rxd4 Rd6 22. Rad1 Rad8 23. R1d3 h5 24. Ra3 a6 25. Ra5 Kf8 26. Kf1 Ke7 27. Rda4 Rb8 28. b3 Rbb6 29. Rd4 Ke6 30. Ke2 Rbc6 31. Kd2 Ke5 32. Re4+ Kf6 33. Rb4 Ke6 34. Rf4 g5 35. Rd4 f5 36. h4 Ke5 37. Rda4 f4 38. Re4+ Kf5 39. hxg5 h4 40. g6 Rc8 41. Re1 Kxg6 42. Rh1 Rh8 43. Kd3 h3 44. Kd4 Rh5 45. Rc5 h2 46. b4 Kf7 47. Rc7+ Kg8 48. Rc8+ Kh7 49. Rc7+ Kh6 50. a4 Rg6 51. Rcc1 Rb6 52. Rb1 Kg7 53. b5 axb5 54. axb5 Kf7 55. Kc5 Rb8 56. b6 Ke7 57. b7 Kd7 58. Kb6 Kd6 59. Rbc1 Rhh8 60. Rc6+ Ke5 61. Re1+ Kf5 62. Rd1 Ke5 63. Kc5 Rhd8 64. Kb6 Rh8 65. Re1+ Kd4 66. Rh1 Kd3 67. Ka7 Ke2 68. Rd6 Kxf3 69. Rxd5 Kg2 70. Rdd1 Rbd8 71. Rb1 Rd7 72. f3 0-1

[Event "SVK-chT 1213"]
[Site "Slovakia"]
[Date "2013.01.20"]
[Round "6.1"]
[White "Berezjuk, Sergej"]
[Black "Frindt, Kornel"]
[Result "1-0"]
[WhiteElo "2366"]
[BlackElo "2189"]
[PlyCount "129"]
[EventDate "2012.10.27"]
[EventType "team-tourn"]
[EventRounds "11"]
[EventCountry "SVK"]
[SourceTitle "EXT 2014"]
[Source "ChessBase"]
[SourceDate "2013.11.20"]
[SourceVersion "1"]
[SourceVersionDate "2013.11.20"]
[SourceQuality "1"]
[WhiteTeam "Cadca"]
[BlackTeam "Kosice"]
[WhiteTeamCountry "SVK"]
[BlackTeamCountry "SVK"]

1. e4 c5 2. Nf3 Nc6 3. d4 cxd4 4. Nxd4 Nf6 5. Nc3 e5 6. Ndb5 d6 7. Bg5 a6 8. Na3 b5 9. Nd5 Be7 10. Bxf6 Bxf6 11. c4 b4 12. Nc2 a5 13. Be2 0-0 14. 0-0 Be6 15. Qd3 Bxd5 16. Qxd5 Qc7 17. Qd3 Rfd8 18. Ne3 Be7 19. Nd5 Qa7 20. Kh1 Bf8 21. Rad1 Ne7 22. f4 exf4 23. Rxf4 Ng6 24. Rf5 Rab8 25. Qg3 Re8 26. Bf3 Re5 27. h4 Re6 28. h5 Ne5 29. Be2 Kh8 30. b3 Rh6 31. Qf2 Qxf2 32. Rxf2 Re6 33. Kg1 Kg8 34. Rf4 g6 35. Bg4 Nxg4 36. Rxg4 Bg7 37. hxg6 fxg6 38. Nc7 Re7 39. Nb5 Be5 40. Rd5 Rb6 41. Rh4 Rf7 42. Rh3 Rf4 43. Re3 h5 44. Nd4 Ra6 45. Nf3 Bc3 46. g3 Rf8 47. a4 Re8 48. Kg2 Kg7 49. Nd4 Re5 50. Nb5 Rxd5 51. exd5 Be5 52. c5 Kf6 53. c6 Ke7 54. c7 Ra8 55. Rf3 Rc8 56. Kh3 g5 57. Rf5 Bf6 58. Rxf6 Kxf6 59. Nxd6 Rxc7 60. Ne8+ Ke5 61. Nxc7 Kd6 62. Ne6 Kxd5 63. Nxg5 Kd4 64. Ne6+ Kd5 65. Nd8 1-0

[Event "SVK-chT2A 1213"]
[Site "Slovakia"]
[Date "2012.12.02"]
[Round "4.3"]
[White "Petreje, Juraj"]
[Black "Frindt, Kornel"]
[Result "1/2-1/2"]
[WhiteElo "2150"]
[BlackElo "2189"]
[PlyCount "115"]
[EventDate "2012.10.13"]
[EventType "team-tourn"]
[EventRounds "11"]
[EventCountry "SVK"]
[SourceTitle "EXT 2015"]
[Source "ChessBase"]
[SourceDate "2014.11.20"]
[SourceVersion "1"]
[SourceVersionDate "2014.11.20"]
[SourceQuality "1"]
[WhiteTeam "Krasnany"]
[BlackTeam "Bratislava Doprastav III"]
[WhiteTeamCountry "SVK"]
[BlackTeamCountry "SVK"]

1. d4 Nf6 2. c4 g6 3. Nc3 Bg7 4. e4 d6 5. Be2 0-0 6. Nf3 e5 7. dxe5 dxe5 8. Qxd8 Rxd8 9. Bg5 Re8 10. Rd1 h6 11. Bh4 Nc6 12. h3 Be6 13. g4 Nd7 14. Nd5 Rac8 15. 0-0 Kf8 16. Bg3 Nc5 17. Bd3 Nxd3 18. Rxd3 Nd4 19. Nxd4 exd4 20. b3 Bxd5 21. exd5 Re2 22. a4 c6 23. dxc6 Rxc6 24. Rb1 Ke7 25. Kf1 Rce6 26. Rbd1 Kd7 27. Bb8 b6 28. a5 bxa5 29. Bxa7 Kc6 30. Ra1 Rc2 31. Rxa5 Rc1+ 32. Kg2 Rc3 33. Rxc3 dxc3 34. Ra2 Kb7 35. Be3 Rd6 36. Kf3 Rd1 37. Ra7+ Kc8 38. Rxf7 c2 39. Rxg7 Rd3 40. Ke2 Rxe3+ 41. Kd2 Rxb3 42. Kxc2 Rxh3 43. Rxg6 Rh2 44. Kc3 Rxf2 45. Rxh6 Kd7 46. Rg6 Ke7 47. Kb4 Rb2+ 48. Kc5 Rg2 49. Kb6 Rb2+ 50. Kc6 Rb4 51. c5 Kf7 52. Rg5 Kf6 53. Rf5+ Ke6 54. Rf1 Rxg4 55. Re1+ Kf5 56. Kc7 Rc4 57. c6 Rc2 58. Kd8 1/2-1/2

[Event "Tatry op"]
[Site "Tatranske Zruby"]
[Date "2012.09.27"]
[Round "6"]
[White "Frindt, Kornel"]
[Black "Michenka, Jozef"]
[Result "1/2-1/2"]
[WhiteElo "2189"]
[BlackElo "2357"]
[PlyCount "65"]
[EventDate "2012.09.23"]
[EventType "swiss"]
[EventRounds "9"]
[EventCountry "SVK"]
[SourceTitle "CBM 150 Extra"]
[Source "ChessBase"]
[SourceDate "2012.10.19"]
[SourceVersion "1"]
[SourceVersionDate "2012.10.19"]
[SourceQuality "1"]

1. e4 c5 2. Nf3 d6 3. d4 cxd4 4. Nxd4 Nf6 5. Nc3 a6 6. Bg5 e6 7. Qd2 h6 8. Bxf6 Qxf6 9. 0-0-0 Nc6 10. Nxc6 bxc6 11. f4 Qd8 12. e5 d5 13. Ne4 Qc7 14. Ng3 Bb7 15. Bd3 g6 16. Rhe1 Be7 17. c4 0-0-0 18. Qe2 Qa5 19. Kb1 Kb8 20. Rc1 h5 21. Nf1 Ka7 22. Nd2 c5 23. Rc3 d4 24. Ra3 Qc7 25. Nb3 Rb8 26. Rd1 Qc6 27. Rd2 Qb6 28. Na5 Qc7 29. Kc1 Rhc8 30. Bc2 Ba8 31. Rdd3 Rb4 32. Rd2 Qd7 33. Kb1 1/2-1/2

[Event "Tatry op"]
[Site "Tatranske Zruby"]
[Date "2012.09.25"]
[Round "4"]
[White "Ramik, Zdenek"]
[Black "Frindt, Kornel"]
[Result "1/2-1/2"]
[WhiteElo "2275"]
[BlackElo "2189"]
[PlyCount "97"]
[EventDate "2012.09.23"]
[EventType "swiss"]
[EventRounds "9"]
[EventCountry "SVK"]
[SourceTitle "CBM 150 Extra"]
[Source "ChessBase"]
[SourceDate "2012.10.19"]
[SourceVersion "1"]
[SourceVersionDate "2012.10.19"]
[SourceQuality "1"]

1. e4 c5 2. Nc3 Nc6 3. g3 g6 4. Bg2 Bg7 5. d3 Rb8 6. Be3 b5 7. Qd2 b4 8. Nd1 d6 9. Nf3 Nd4 10. 0-0 e5 11. Ne1 Ne7 12. Bh6 0-0 13. Bxg7 Kxg7 14. a3 a5 15. axb4 axb4 16. Ne3 f5 17. exf5 gxf5 18. f4 Bb7 19. Bxb7 Rxb7 20. Qg2 Qc7 21. Nf3 Nxf3+ 22. Qxf3 Ra7 23. Rae1 Ra2 24. Nd5 Nxd5 25. Qxd5 Rxb2 26. fxe5 dxe5 27. Rxe5 Rd8 28. Qe6 Qd7 29. Qxd7+ Rxd7 30. Rxc5 b3 31. cxb3 Rxd3 32. Rcxf5 Rdd2 33. Rf7+ Kg8 34. R7f2 Rxf2 35. Rxf2 Rxb3 36. Kg2 Kg7 37. Kh3 Ra3 38. Kh4 Rb3 39. g4 Ra3 40. Kh5 Ra6 41. g5 Ra4 42. Rf6 Rb4 43. Rc6 Rb7 44. Rc5 Ra7 45. Kg4 h6 46. h4 hxg5 47. hxg5 Ra1 48. Rc7+ Kg6 49. Rc6+ 1/2-1/2

[Event "Tatry op"]
[Site "Tatranske Zruby"]
[Date "2012.09.23"]
[Round "1"]
[White "Frindt, Kornel"]
[Black "Pinter, Erik"]
[Result "1-0"]
[WhiteElo "2189"]
[BlackElo "2379"]
[PlyCount "93"]
[EventDate "2012.09.23"]
[EventType "swiss"]
[EventRounds "9"]
[EventCountry "SVK"]
[SourceTitle "CBM 150 Extra"]
[Source "ChessBase"]
[SourceDate "2012.10.19"]
[SourceVersion "1"]
[SourceVersionDate "2012.10.19"]
[SourceQuality "1"]

1. e4 c5 2. Nf3 d6 3. d4 cxd4 4. Nxd4 Nf6 5. Nc3 Nc6 6. Be2 g6 7. 0-0 Bg7 8. Be3 0-0 9. h3 d5 10. exd5 Nxd5 11. Nxd5 Nxd4 12. Bxd4 Qxd5 13. Bxg7 Qxd1 14. Rfxd1 Kxg7 15. c4 Be6 16. b3 Rfc8 17. Bf3 Rc7 18. Rd2 Rb8 19. a4 Kf8 20. Kf1 Bd7 21. Ke1 Bc6 22. Rd3 e6 23. Kd2 a5 24. Kc3 Ke7 25. Rad1 g5 26. Bxc6 bxc6 27. c5 Rcb7 28. Rb1 Rb4 29. Rd4 Rxd4 30. Kxd4 Rd8+ 31. Kc3 Rd5 32. b4 axb4+ 33. Kxb4 Rd4+ 34. Ka5 Rc4 35. Kb6 Rxa4 36. Kxc6 Ra2 37. Kb7 Rxf2 38. c6 Rxg2 39. c7 Rc2 40. c8Q Rxc8 41. Kxc8 h5 42. Rb7+ Kf6 43. Kd7 Ke5 44. Ke7 f5 45. Rb5+ Kf4 46. Kxe6 g4 47. h4 1-0